Konsolidované a subkonsolidované celky v podmienkach SR

Definície konsolidovaného celku podľa zákona o účtovníctve (§ 22 Z. č. 561/2004 Z.z.) a podľa zákona o cenných papieroch a investičných službách (§ 138 Z. č. 566/2001 Z.z. v znení Zákona č. 635/2004 Z.z.). Dohľad nad konsolidovanými a subkonsolidovanými celkami na Slovensku do a po roku 2006.

Gespeichert in:
Bibliographische Detailangaben
1. Verfasser: Makúch, Miroslav, 1981-
Format: Buchkapitel
Sprache:Slowakisch
Schlagworte:
Tags: Tag hinzufügen
Keine Tags, Fügen Sie das erste Tag hinzu!

MARC

LEADER 00000naa$a2200000$$$4500
001 0048602
005 20240502071546.9
041 0 |a slo 
044 |a SK 
245 1 0 |a Konsolidované a subkonsolidované celky v podmienkach SR  |c Miroslav Makúch 
520 |a Definície konsolidovaného celku podľa zákona o účtovníctve (§ 22 Z. č. 561/2004 Z.z.) a podľa zákona o cenných papieroch a investičných službách (§ 138 Z. č. 566/2001 Z.z. v znení Zákona č. 635/2004 Z.z.). Dohľad nad konsolidovanými a subkonsolidovanými celkami na Slovensku do a po roku 2006. 
610 2 0 |a konsolidácia podniku 
610 2 0 |a konglomeráty 
610 2 0 |a formy organizačné nadpodnikové 
610 2 0 |a trh finančný 
610 2 0 |a závierka účtovná konsolidovaná 
610 2 0 |a legislatíva 
610 2 0 |a trh kapitálový 
610 2 0 |a zákony 
610 2 0 |a Slovensko 
100 1 |a Makúch, Miroslav, 1981-